Library Banner

Digital fundamentals (Record no. 83240)

MARC details
000 -LEADER
fixed length control field 00428nam a2200181Ia 4500
001 - CONTROL NUMBER
control field 70800
008 - FIXED-LENGTH DATA ELEMENTS--GENERAL INFORMATION
fixed length control field 160226s9999 xx 000 0 und d
020 ## - INTERNATIONAL STANDARD BOOK NUMBER
International Standard Book Number 9781292075983
040 ## - CATALOGING SOURCE
Transcribing agency PK-LaUMT
082 ## - DEWEY DECIMAL CLASSIFICATION NUMBER
Classification number 621.3815
Item number FLO-D
100 ## - MAIN ENTRY--PERSONAL NAME
Personal name Floyd, Thomas L.
245 ## - TITLE STATEMENT
Title Digital fundamentals
Statement of responsibility, etc Floyd, Thomas L.
250 ## - EDITION STATEMENT
Edition statement 11th
260 ## - PUBLICATION, DISTRIBUTION, ETC. (IMPRINT)
Place of publication, distribution, etc Boston,USA:
Name of publisher, distributor, etc Pearson,
Date of publication, distribution, etc 2015
300 ## - PHYSICAL DESCRIPTION
Extent 853 p.
546 ## - LANGUAGE NOTE
Language note EN
942 ## - ADDED ENTRY ELEMENTS (KOHA)
Koha item type Books
Holdings
Withdrawn status Lost status Damaged status Not for loan Home library Current library Date acquired Total Checkouts Full call number Barcode Date last seen Date checked out Price effective from Koha item type Source of classification or shelving scheme Copy number
        UMT Main Campus UMT Main Campus 2016-02-26 15 621.3815 FLO-D 97491 2025-04-22 2025-04-17 2016-02-26 Books    
        UMT Main Campus UMT Main Campus 2024-11-01 1 621.3815 FLO-D 147805 2025-04-07 2025-04-04 2024-11-01 Books Dewey Decimal Classification C.2